000 00878nam a22002177a 4500
005 20100802144723.0
010 _aENG-97671
020 _a8178711559
_c850.00
020 _a9788178711553
_c850.00
035 _aEN-81204
037 _bDBAD/PUB
082 _a330.1260951
100 _aRaman, G. Venkat
_95291
245 _aState, authority and decentralization :
_ba comparative study of Mao Zedong and Deng xiaoping's thoughts on development strategy /
_cby G. Venkat Raman
260 _aGurgaon
_bHope India Publications
_c2008
270 _a85, Sector 23
_bGurgaon
_e122017
300 _a329p.
_c22cm (Hb)
500 _aIncludes bibliographical references
942 _2ddc
_cEN
_h330.1260951
_mRAM
999 _c38707
_d38707